Los querandíes (Record no. 161185)

MARC details
000 -LEADER
campo de control de longitud fija 00768nam a2200193 i 4500
001 - NÚMERO DE CONTROL
campo de control 161185
003 - IDENTIFICADOR DE NÚMERO DE CONTROL
campo de control ES-MaACL
005 - FECHA Y HORA DE LA ÚLTIMA TRANSACCIÓN
campo de control 20230906212217.0
008 - DATOS DE LONGITUD FIJA--INFORMACIÓN GENERAL
campo de control de longitud fija 990107s1897 ag |||| | spa d
040 ## - FUENTE DE CATALOGACIÓN
Centro catalogador/agencia de origen CCPB | B
Lengua de catalogación spa
Centro/agencia transcriptor CCPB | B
100 1# - ENTRADA PRINCIPAL--NOMBRE DE PERSONA
Nombre de persona Outes, Félix F.
9 (RLIN) 87986
245 14 - MENCIÓN DEL TÍTULO
Título Los querandíes
Resto del título : breve contribución al estudio de la etnografìa argentina /
Mención de responsabilidad, etc. Félix F. Outes ; dibujos de E. A. Holmberg, grabados en boj de E. Troncori.
260 ## - PUBLICACIÓN, DISTRIBUCIÓN, ETC.
Lugar de publicación, distribución, etc. Buenos Aires :
Nombre del editor, distribuidor, etc. [s.n.],
Fecha de publicación, distribución, etc. 1897 (
Fabricante Imp. de Martín Biedma é Hijo)
300 ## - DESCRIPCIÓN FÍSICA
Extensión 197 p. :
Otras características físicas il., grab. ;
Dimensiones 23 cm.
650 #4 - PUNTO DE ACCESO ADICIONAL DE MATERIA--TÉRMINO DE MATERIA
Término de materia o nombre geográfico como elemento de entrada Querandíes (Indios)
9 (RLIN) 170072
700 1# - ENTRADA AGREGADA--NOMBRE PERSONAL
Nombre de persona Troncori, E.
9 (RLIN) 133390
700 1# - ENTRADA AGREGADA--NOMBRE PERSONAL
Nombre de persona Holmberg, E. A.
9 (RLIN) 170073
852 ## - LOCALIZACIÓN
Ubicación ES-MaACL
Número de control de estantería G-3650
Nota libre -- Enc. hol. conservando la cub. original
Holdings
Estatus retirado Estado de pérdida Estado de daño No para préstamo Colección Biblioteca de origen Biblioteca actual Ubicación en estantería Fecha de adquisición Fuente de adquisición Total de préstamos Signatura topográfica completa Código de barras Visto por última vez Precio de reemplazo Tipo de ítem Koha
        Libros del s. XIX Biblioteca del Ateneo de Madrid Biblioteca del Ateneo de Madrid Depósito 2 17/01/2008     G-3650 1168824 23/02/2023 23/02/2023 Libro impreso antiguo